000 00619nam a2200217Ia 4500
003 OSt
005 20230429122831.0
008 210423s1992 xx 000 0 und d
020 _a750615079
040 _cAL
041 _aeng
082 _a574.1925 VANH
100 _aVAN DEN AKKER (H E A);others.
_995297
245 _aBioprocess technology: modelling and transport phenomena.
260 _aOxford
_bCambridge University Press
_c1992
300 _axi,335
_bPB
365 _cINR
650 _aBiochemistry
_995298
906 _aBioprocess ; modelling ; phenomena. ; technology: ; transport
942 _2ddc
_cBK
999 _c162820
_d162820